Human resource management: Text and cases (Record no. 110728)

MARC details
000 -LEADER
fixed length control field 00360nam a2200145Ia 4500
008 - FIXED-LENGTH DATA ELEMENTS--GENERAL INFORMATION
fixed length control field 230917s9999||||xx |||||||||||||| ||und||
040 ## - CATALOGING SOURCE
-- 89105
Original cataloging agency VIVEKANANDA LIBRARY
041 ## - Language
-- English
082 ## - DDC NUMBER
Classification number 658.3 R18H
100 ## - MAIN ENTRY--PERSONAL NAME
Personal name Rao, V S P
245 #0 - TITLE STATEMENT
Title Human resource management: Text and cases
260 ## - PUBLICATION, DISTRIBUTION, ETC. (IMPRINT)
Place of publication, distribution, etc New Delhi
Name of publisher, distributor, etc Excel Book
Date of publication, distribution, etc 2000
300 ## - PHYSICAL DESCRIPTION
Pages 637 p.
942 ## - ADDED ENTRY ELEMENTS (KOHA)
Koha item type Books
Holdings
Withdrawn status Lost status Damaged status Not for loan Location (home branch) Sublocation or collection (holding branch) Date acquired Koha issues (times borrowed) Koha full call number Accession No. Koha date last seen Koha item type Shelving location
        VIVEKANANDA LIBRARY VIVEKANANDA LIBRARY 19/03/2004   658.3 R18H 197933 17/09/2023 Books  
        VIVEKANANDA LIBRARY VIVEKANANDA LIBRARY 19/03/2004   658.3 R18H 197934 17/09/2023 Books  
        VIVEKANANDA LIBRARY VIVEKANANDA LIBRARY 19/03/2004   658.3 R18H 197935 17/09/2023 Books  
        VIVEKANANDA LIBRARY VIVEKANANDA LIBRARY 19/03/2004   658.3 R18H 206257 17/09/2023 Books IMSAR Library
        VIVEKANANDA LIBRARY VIVEKANANDA LIBRARY 19/03/2004   658.3 R18H 211614 17/09/2023 Books IMSAR Library
        VIVEKANANDA LIBRARY VIVEKANANDA LIBRARY 19/03/2004 1 658.3 R18H 211615 02/04/2025 Books IMSAR Library
© Designed and Maintained by Vivekananda Library, MDU Rohtak